| 000 | 00454nam a2200169Ia 4500 | ||
|---|---|---|---|
| 008 | 230917s9999||||xx |||||||||||||| ||und|| | ||
| 020 | _cRS695 | ||
| 040 |
_e247746 _aMAIN |
||
| 041 | _aEnglish | ||
| 082 | _a595.7 S82B | ||
| 100 | _aSathe, T V | ||
| 245 | 0 | _aBasic entomology: A practical manual | |
| 260 |
_aNew Delhi _bDaya Publishing House _c2017 |
||
| 300 | _a118 p. | ||
| 500 | _a3128 25/05/2018 RBP18/71411 01/06/2018 Main Budget | ||
| 942 | _cBK | ||
| 999 |
_c26860 _d26860 |
||